000 00890nam a22002537a 4500
999 _c20231
_d20231
005 20180608150022.0
008 180608b1987 ck |||||rn|||o00| 0 spa d
040 _aCO-BoIAVH
_cCO-BoIAVH
041 _aspa
082 1 4 _a632.768
_bM45b
100 1 _aMaya Montalvo, Luis Alejandro
_eautor
245 1 3 _aLa broca de la cereza del cafeto (Hypothenemus hampei Ferrari 1867):
_bresúmenes analíticos
260 _aChinchiná:
_bCenicafé,
_c1987.
300 _a351 páginas,
504 _aIncluye índice de descriptores (página 31
650 1 4 _aEnfermedades de las plantas
650 1 4 _aCurculionoidea
650 1 4 _aHypothenemus hampei
650 1 4 _aBroca del fruto del cafeto
650 1 4 _aBroca del café
650 1 4 _aBarrenador del café
700 1 _aMoncada Botero, María del Pilar
_eautora
942 _2ddc
_cLIBRO